Spatial plan offers hope of protection (Record no. 76489)

MARC details
000 -LEADER
fixed length control field 01244cab a2200193 4500
001 - CONTROL NUMBER
control field ##L132552
008 - FIXED-LENGTH DATA ELEMENTS--GENERAL INFORMATION
fixed length control field 060217n2006 000 0 eng u
035 ## - SYSTEM CONTROL NUMBER
System control number (Sirsi) u132552
041 0# - LANGUAGE CODE
Language code of text/sound track or separate title eng
100 1# - MAIN ENTRY--PERSONAL NAME
Personal name Claydon, Jim
245 00 - TITLE STATEMENT
Title Spatial plan offers hope of protection
260 ## - PUBLICATION, DISTRIBUTION, ETC.
Date of publication, distribution, etc. 2006
490 #0 - SERIES STATEMENT
Series statement Planning (for the Natural and Built Environment)
Volume/sequential designation (1655) 10 February 2006, 14-15(2)
520 ## - SUMMARY, ETC.
Summary, etc. Considers how marine spatial planning could reduce incidences of offshore disputes and also benefit coastal strategies. Although marine environments are under constant threat from a wide spectrum of economic and other demands, there is no overall planning of marine projects and limited consideration of the long-term. Looks at the Irish Sea pilot marine spatial plan commissioned by DEFRA in December 2004 and the resultant recommendations made for marine spatial planning. Refers to the 2006 Marine Bill which is a government manifesto commitment in this area. Concludes that the opportunity to unify the marine and terrestrial planning systems should not be missed.
590 ## - LOCAL NOTE (RLIN)
Local note IKA280206
650 24 - SUBJECT ADDED ENTRY--TOPICAL TERM
Topical term or geographic name entry element MARINE BILL 2006
690 ## - LOCAL SUBJECT ADDED ENTRY--TOPICAL TERM (OCLC, RLIN)
Topical term or geographic name as entry element ENVIRONMENTAL AND LAND CONSULTANCY-PLANNING AND DEVELOPMENT-STRATEGIC PLANNING
942 ## - ADDED ENTRY ELEMENTS (KOHA)
Suppress in OPAC 0
Holdings
Withdrawn status Lost status Source of classification or shelving scheme Damaged status Not for loan Home library Current library Shelving location Date acquired Total Checkouts Full call number Barcode Date last seen Copy number Price effective from Koha item type
    Dewey Decimal Classification     London London Journal article 17/02/2006   L132552 132552-1001 06/08/2019 1 06/08/2019 Journal article